The environmental impact of land and property management. (Record no. 92790)

MARC details
000 -LEADER
fixed length control field 01851cam a2200313 4500
008 - FIXED-LENGTH DATA ELEMENTS--GENERAL INFORMATION
fixed length control field 090401t1996 xxu||||| |||| 00| 0 eng d
020 ## - INTERNATIONAL STANDARD BOOK NUMBER
International Standard Book Number 0471966126
035 ## - SYSTEM CONTROL NUMBER
System control number (Sirsi) u50987
041 ## - LANGUAGE CODE
Language code of text/sound track or separate title eng
050 ## - LIBRARY OF CONGRESS CALL NUMBER
Classification number 333.72072
245 #4 - TITLE STATEMENT
Title The environmental impact of land and property management.
260 ## - PUBLICATION, DISTRIBUTION, ETC.
Place of publication, distribution, etc. Chichester
Name of publisher, distributor, etc. John Wiley & Sons
Date of publication, distribution, etc. 1996
300 ## - PHYSICAL DESCRIPTION
Extent 196p. ; 21cm.
350 ## - PRICE (NR) (BK AM CF MU VM SE) [OBSOLETE]
Price 45
520 ## - SUMMARY, ETC.
Summary, etc. Published by John Wiley on behalf of the RICS. A collection of papers presenting the findings of the RICS Environmental Research Programme 1994/1995. Ranging from the valuation of contaminated land to coastal zone planning, these papers explore the environmental issues currently facing the property profession. CONTENTS: Introduction : The environmental impact of land and property management. - RYDIN, Y. / Sustainable land management and development: the role of the rural chartered surveyor. - MARKWELL, S & RAVENSCROFT, N. / The involvement of developers in local agenda 21 / DARLOW, A. & CARTER, N. / An investigation into the application of quantity surveying skills in the cost management of environmental issues. - PASQUIRE, C. / Who greens the housing market? - BHATTI, M. & SARNO, C. / The effect of the new energy conservation regulations on the design, cost and energy consuption of refurbished buildings. - DIXON, S. / The valuation of contaminated land and property. - DIXON, T. & RI
650 ## - SUBJECT ADDED ENTRY--TOPICAL TERM
Topical term or geographic name entry element CONTAMINATED LAND
650 ## - SUBJECT ADDED ENTRY--TOPICAL TERM
Topical term or geographic name entry element ENERGY CONSERVATION
650 ## - SUBJECT ADDED ENTRY--TOPICAL TERM
Topical term or geographic name entry element ENVIRONMENTAL IMPACT
650 ## - SUBJECT ADDED ENTRY--TOPICAL TERM
Topical term or geographic name entry element ENVIRONMENTAL RESEARCH
650 ## - SUBJECT ADDED ENTRY--TOPICAL TERM
Topical term or geographic name entry element GREEN ISSUES
650 ## - SUBJECT ADDED ENTRY--TOPICAL TERM
Topical term or geographic name entry element RICS ENVIRONMENTAL RESEARCH PROGRAMME
650 ## - SUBJECT ADDED ENTRY--TOPICAL TERM
Topical term or geographic name entry element SURVEYORS
650 ## - SUBJECT ADDED ENTRY--TOPICAL TERM
Topical term or geographic name entry element Sustainability
9 (RLIN) 6271
650 ## - SUBJECT ADDED ENTRY--TOPICAL TERM
Topical term or geographic name entry element SUSTAINABLE DEVELOPMENT
690 ## - LOCAL SUBJECT ADDED ENTRY--TOPICAL TERM (OCLC, RLIN)
Topical term or geographic name as entry element Environment
9 (RLIN) 6238
700 ## - ADDED ENTRY--PERSONAL NAME
Personal name Rydin, Yvonne
International Standard Serial Number Editor
942 ## - ADDED ENTRY ELEMENTS (KOHA)
Suppress in OPAC 0
948 ## - LOCAL PROCESSING INFORMATION (OCLC); SERIES PART DESIGNATOR (RLIN)
c (OCLC) 04/03/1997
Holdings
Withdrawn status Lost status Source of classification or shelving scheme Damaged status Not for loan Home library Current library Shelving location Date acquired Cost, normal purchase price Total Checkouts Full call number Barcode Date last seen Date last checked out Copy number Cost, replacement price Price effective from Koha item type
    Dewey Decimal Classification     London London Books 14/01/1997 45.00 20 333.72072 30052022 06/08/2019 03/12/2008 2 45.00 06/08/2019 Book